000 01011nam a2200181Ia 4500
008 100917s9999 xx 000 0 und d
082 _b24174
100 _aरानडे स. अ.
245 _aमॅट्रिक आसपासच्या वाटा अर्थात औद्योगिक तांत्रकि शिक्षणाच्या सोयी (आवृत्ती 4 थी)
260 _bउद्यम प्रकाशन
300 _a102
365 _b3
520 _a---
630 _aमॅट्रिक आसपासच्या वाटा अर्थात औद्योगिक तांत्रकि शिक्षणाच्या सोयी (आवृत्ती 4 थी)
650 _a---
730 _aमॅट्रिक आसपासच्या वाटा अर्थात औद्योगिक तांत्रकि शिक्षणाच्या सोयी (आवृत्ती 4 थी)
942 _cBOOK
999 _c629568
_d629565